00982nam a2200241 a 450000100060000000300080000600500170001400800410003103500190007204000270009104100080011808200270012610000300015324500540018326000420023730000270027950400660030665100490037294200120042199900170043395201440045095201460059436225BD-RjUL20211209052444.0140618s1988 b b 001 0 eng d a(BD-RjUL)36322 aDLCcDLCdBD-RjULbeng aeng00a320.954220bPAP 19880 aParmanand,d1949-911025410aPolitical development in South Asia /cParmanand. aDhaka :bAcademic Publishers,cc1988. aviii, 288 p. ;c23 cm. aIncludes bibliographical references (p. [258]-279) and index. 0aSouth AsiaxPolitics and government.9110255 2ddccBK c36225d36225 00102ddc40708NFICaRUCLbRUCLcStackd1990-03-31eAcademic pub.g300.00l0o320.954 PAP 1988r2014-06-18 00:00:00tC-2w2014-06-18yBK 00102ddc40718NFICaRUCLbRUCLcReadingd1990-03-31eAcademic pub.g300.00l0o320.954 PAP 1988r2016-12-20 00:00:00tC-1w2016-12-20yBK